| 000 | 00362nam a2200145Ia 4500 | ||
|---|---|---|---|
| 008 | 230917s9999||||xx |||||||||||||| ||und|| | ||
| 040 |
_e220167 _aMAIN |
||
| 041 | _aEnglish | ||
| 082 | _a327.54073 L964I | ||
| 100 | _aLucky | ||
| 245 | 0 | _aIndo- US strategic relations and India`s security in 21st century | |
| 260 | _c2013 | ||
| 300 | _a244 p. | ||
| 942 | _cTH | ||
| 999 |
_c126227 _d126227 |
||